000 01247cam a22002294a 4500
005 20250605163937.0
008 250528s ||||||||||||||||||||||||d
035 _a14891
020 _a74161852
040 _aGR-AtMCL
_bgre
_dGR-AtMCL
_eAACR2
245 1 _aFacing Life / Youth and the Family in American History
250 _a1st
260 _c1971
300 _a328
520 _aA brilliant synthesis of a central but neglected area of American History. Preface, A Way of Life on the Soil, Beyond the Clearing - 1600-1770, The Price of Skills, Learning, Colleges in the Wilderness, Space for Expansion - 1770-1870, Where the Boys Went, And the Girls, Training to Achieve, The Value of Moral Discipline, Finding Place - 187-1930, The Consequences of Opportunity, On the Wrong Tracks, On the Right Track, College Days, The Challenges of an Open Society - 1930-1960, Social and Personal Change, The Discipline of Scholarship, Yearning for Security, The Graduates - 1960-1970, Youth in Affluence, The Vulnerability of the University, Personae, Other References.
700 1 _aHandlin Oscar
_9682
700 1 _aHandly Mary F
_9683
942 _cBK
710 2 _aLittle, Brown and Company
_99712
999 _c502
_d502